|
|
|
|
| LEADER |
01605nam a2200433 a 4500 |
| 001 |
000597315 |
| 003 |
CZ BrMZK |
| 005 |
20191105063350.0 |
| 007 |
ta |
| 008 |
020429s2002 xr a e f 001 0 cze |
| 015 |
|
|
|a cnb001112463
|
| 020 |
|
|
|a 80-7236-168-6
|
| 035 |
|
|
|a (OCoLC)51184991
|
| 040 |
|
|
|a BOA001
|b cze
|
| 041 |
1 |
|
|a cze
|h ger
|
| 072 |
|
7 |
|a 635
|x Zahrádkářství
|2 Konspekt
|9 24
|
| 080 |
|
|
|a 634.31/.33
|2 MRF
|
| 080 |
|
|
|a 635.91
|2 MRF
|
| 080 |
|
|
|a 635.9.018
|2 MRF
|
| 080 |
|
|
|a (035)
|2 MRF
|
| 100 |
1 |
|
|a Hansen-Catani, Sigrid
|7 xx0002100
|4 aut
|
| 245 |
1 |
0 |
|a Citrusy :
|b -jak si je vybrat a pěstovat : podrobné návody pro nákup, řez, výsadbu a rozmnožování /
|c Sigrid Hansen-Cataniová ; fotografie Friedrich Strauß ... [et al.] ; ilustrace György Jankovics
|
| 250 |
|
|
|a České vyd. 1.
|
| 260 |
|
|
|a Praha :
|b Vašut nakladatelství,
|c 2002
|
| 300 |
|
|
|a 63 s. :
|b barev. il. ;
|c 20 cm
|
| 490 |
1 |
|
|a Jak na to
|
| 500 |
|
|
|a Přeloženo z němčiny
|
| 504 |
|
|
|a Obsahuje bibliografii a rejstřík
|
| 650 |
0 |
7 |
|a pokojové rostliny
|7 ph124218
|2 czenas
|
| 650 |
0 |
7 |
|a pěstování okrasných rostlin
|7 ph134962
|2 czenas
|
| 650 |
0 |
7 |
|a citrusy
|7 ph202600
|2 czenas
|
| 655 |
|
7 |
|a příručky
|7 fd133209
|2 czenas
|
| 700 |
1 |
|
|a Jankovics, György
|7 jn20000919548
|4 ill
|
| 700 |
1 |
|
|a Strauß, Friedrich,
|d 1956-
|7 jn20001103170
|4 pht
|
| 765 |
0 |
|
|t Zitruspflanzen auswählen und pflegen
|9 Česky
|
| 830 |
|
0 |
|a Jak na to (Jan Vašut)
|0 s
|
| 910 |
|
|
|a BOA001
|b 2-1101.359
|
| 990 |
|
|
|a BK
|
| 996 |
6 |
|
|b 2610160045
|c 2-1101.359
|l MZK
|r Sklad / do 1 hodiny
|n 2
|p p.v.
|w 000597315
|u 000010
|a 1
|e BOA001
|j MZK50
|s P
|